| 000 | 01116nam a22000977a 4500 | ||
|---|---|---|---|
| 008 | 160227b xxu||||| |||| 00| 0 eng d | ||
| 100 | _aLauri Peltonen | ||
| 245 | _aLAPE Special Stamp Cataloge | ||
| 260 |
_bSuomen Filateliapalvelu Oy _c2012 _eTurku, Finland |
||
| 650 | _aFinland | Russian Related | Russian Empire | Finland (Grand Duchy) Finland -- Aland Islands (1984-) | Finland -- Occupation of Russia | Finland -- Occupation of Eastern Karelia | Russia (-1917) | Occupation Issues | Overprints and Surcharges | Catalogs and Price Lists | Dealer Publications | Stamps -- Histories | Definitive Issues | Commemorative Issues | Semi-postal Issues | Booklets and Minipacks | Sheets and Panes | Frama Labels | Franking Labels | Frama | Vending Machines | Production | Engraving | Errors and Varieties | Printing | Paper | Luminescent and Tagged Issues | Postal History | Postal Markings | Post Offices | Pre-adhesive Covers | Covers | Fee Paid Mail | Postal Stationery | Cards | Letter Cards | Maximum Cards | Christmas Seals | Seals and Labels | Cinderella Material | Postal Rates | Collecting | Collecting -- Identification | ||
| 999 |
_c1805 _d1805 |
||